[Event "Bayern-ch Seniors 25th"]
[Site "Bergen"]
[Date "2013.06.19"]
[Round "6.34"]
[White "Eckstein, Helmut"]
[Black "Ludwig, Ines"]
[Result "1-0"]
[WhiteElo "1647"]
[BlackElo "1599"]
[PlyCount "43"]
[EventDate "2013.06.15"]
[EventType "swiss"]
[EventRounds "9"]
[EventCountry "GER"]
[SourceTitle "EXT 2022"]
[Source "ChessBase"]
[SourceDate "2021.10.06"]
[SourceVersion "1"]
[SourceVersionDate "2021.10.06"]
[SourceQuality "1"]

1. Nf3 d5 2. d4 e6 3. e3 Bd6 4. c4 c6 5. Nc3 f5 6. Bd3 Nd7 7. h4 Ngf6 8. Ng5 Qe7 9. 0-0 0-0 10. a3 h6 11. Nf3 Ne4 12. g3 Qf6 13. Ne2 e5 14. cxd5 cxd5 15. Qb3 Qe6 16. dxe5 Nxe5 17. Ned4 Nc5 18. Nxe6 Nxb3 19. Nxf8 Nxa1 20. Nxe5 Bxe5 21. Ng6 Nb3 22. Nxe5 1-0

[Event "Bayern-ch Seniors 24nd"]
[Site "Bergen"]
[Date "2012.06.18"]
[Round "3"]
[White "Pamperin, Gerhard"]
[Black "Eckstein, Helmut"]
[Result "1/2-1/2"]
[WhiteElo "1842"]
[BlackElo "1644"]
[PlyCount "43"]
[EventDate "2012.06.16"]
[EventType "swiss"]
[EventRounds "9"]
[EventCountry "GER"]
[SourceTitle "EXT 2015"]
[Source "ChessBase"]
[SourceDate "2014.11.20"]
[SourceVersion "1"]
[SourceVersionDate "2014.11.20"]
[SourceQuality "1"]

1. d4 d5 2. Nf3 Nf6 3. c4 e6 4. Nc3 c6 5. e3 Nbd7 6. Bd2 Be7 7. cxd5 exd5 8. Bd3 0-0 9. Rc1 Re8 10. 0-0 Nf8 11. h3 Bd6 12. Qc2 Qe7 13. Rce1 Ne4 14. Bc1 Bf5 15. Re2 Nxc3 16. bxc3 Bxd3 17. Qxd3 Qe4 18. Qd1 f5 19. Ng5 Qe7 20. Nf3 Nd7 21. Rfe1 Nf6 22. Qb3 1/2-1/2

[Event "Bayern-ch Seniors 24nd"]
[Site "Bergen"]
[Date "2012.06.16"]
[Round "1"]
[White "Welz, Peter"]
[Black "Eckstein, Helmut"]
[Result "1-0"]
[WhiteElo "2029"]
[BlackElo "1644"]
[PlyCount "55"]
[EventDate "2012.06.16"]
[EventType "swiss"]
[EventRounds "9"]
[EventCountry "GER"]
[SourceTitle "EXT 2015"]
[Source "ChessBase"]
[SourceDate "2014.11.20"]
[SourceVersion "1"]
[SourceVersionDate "2014.11.20"]
[SourceQuality "1"]

1. e4 c5 2. Nc3 Nc6 3. g3 Nf6 4. Bg2 d6 5. d3 e5 6. f4 Bg4 7. Nge2 Qd7 8. h3 Bxe2 9. Nxe2 d5 10. fxe5 Nxe5 11. exd5 Nxd5 12. d4 Nc4 13. Qd3 Ncb6 14. 0-0 Be7 15. a3 c4 16. Qf3 0-0 17. c3 Rae8 18. Nf4 Nxf4 19. Bxf4 Bd6 20. Qxb7 Bxf4 21. Rxf4 Qxb7 22. Bxb7 Re2 23. Rf2 Rxf2 24. Kxf2 Na4 25. Rb1 Rb8 26. Be4 Nxc3 27. bxc3 Rxb1 28. Bxb1 1-0

[Event "Bad Woerishofen Seniors op 28th"]
[Site "Bad Woerishofen"]
[Date "2012.03.06"]
[Round "5.38"]
[White "Eckstein, Helmut"]
[Black "Kahler, Kurt"]
[Result "1/2-1/2"]
[WhiteElo "1641"]
[BlackElo "1619"]
[PlyCount "108"]
[EventDate "2012.03.02"]
[EventType "swiss"]
[EventRounds "9"]
[EventCountry "GER"]
[SourceTitle "EXT 2022"]
[Source "ChessBase"]
[SourceDate "2021.10.06"]
[SourceVersion "1"]
[SourceVersionDate "2021.10.06"]
[SourceQuality "1"]

1. Nf3 d5 2. d4 e6 3. c4 c6 4. e3 Bd6 5. Nc3 f5 6. Be2 Nd7 7. Nd2 Ngf6 8. f4 0-0 9. 0-0 b6 10. Kh1 Bb7 11. cxd5 exd5 12. Nf3 Ne4 13. Nxe4 fxe4 14. Ng5 Qe7 15. Bg4 Rf6 16. f5 Rh6 17. Bh3 Qxg5 18. Qg4 Qxg4 19. Bxg4 Nf6 20. Bh3 Rf8 21. Bd2 Bc8 22. Be1 g5 23. fxg6 hxg6 24. Bxc8 Rxc8 25. Rxf6 Bxh2 26. Rf1 Bf4+ 27. Kg1 Bxe3+ 28. Bf2 Bxf2+ 29. Rxf2 Rf8 30. Rc1 g5 31. Rfc2 Rc8 32. b4 a6 33. a4 Kf8 34. b5 axb5 35. axb5 c5 36. dxc5 Rxc5 37. Rxc5 bxc5 38. Rxc5 Rd6 39. Kf2 Ke7 40. g4 Ke6 41. Ke2 Rb6 42. Ke3 Ke5 43. Rc8 Rxb5 44. Re8+ Kd6 45. Rg8 Ke6 46. Re8+ Kf7 47. Rd8 Rb3+ 48. Ke2 Ke6 49. Re8+ Kf7 50. Re5 Rd3 51. Rxg5 Kf6 52. Rg8 d4 53. Rf8+ Kg7 54. Rf4 Re3+ 1/2-1/2

[Event "Bad Woerishofen Seniors op 28th"]
[Site "Bad Woerishofen"]
[Date "2012.03.05"]
[Round "4.54"]
[White "Grueneschild, Hildegard"]
[Black "Eckstein, Helmut"]
[Result "0-1"]
[WhiteElo "1414"]
[BlackElo "1641"]
[PlyCount "54"]
[EventDate "2012.03.02"]
[EventType "swiss"]
[EventRounds "9"]
[EventCountry "GER"]
[SourceTitle "EXT 2022"]
[Source "ChessBase"]
[SourceDate "2021.10.06"]
[SourceVersion "1"]
[SourceVersionDate "2021.10.06"]
[SourceQuality "1"]

1. c4 Nf6 2. Nc3 g6 3. g3 Bg7 4. Bg2 c6 5. d4 e6 6. e4 0-0 7. Nge2 d6 8. 0-0 Nbd7 9. Rb1 e5 10. d5 c5 11. Nb5 Ne8 12. f4 a6 13. Nbc3 f5 14. Be3 Rb8 15. Qc2 b5 16. b3 Ndf6 17. fxe5 Ng4 18. Bd2 Nxe5 19. Nf4 bxc4 20. bxc4 Rxb1 21. Nxb1 Qd7 22. Qb3 Nf6 23. Re1 Qf7 24. Nc3 fxe4 25. Nxe4 Neg4 26. Nxf6+ Qxf6 27. Nd3 Qd4+ 0-1

[Event "Bad Woerishofen Seniors op 28th"]
[Site "Bad Woerishofen"]
[Date "2012.03.03"]
[Round "2.32"]
[White "Lorenz, Dietmar"]
[Black "Eckstein, Helmut"]
[Result "1-0"]
[WhiteElo "1788"]
[BlackElo "1641"]
[PlyCount "59"]
[EventDate "2012.03.02"]
[EventType "swiss"]
[EventRounds "9"]
[EventCountry "GER"]
[SourceTitle "EXT 2022"]
[Source "ChessBase"]
[SourceDate "2021.10.06"]
[SourceVersion "1"]
[SourceVersionDate "2021.10.06"]
[SourceQuality "1"]

1. Nf3 Nf6 2. c4 e6 3. g3 c6 4. Bg2 d5 5. Qc2 Nbd7 6. d4 Bb4+ 7. Bd2 Be7 8. 0-0 0-0 9. a4 Ne4 10. Nc3 Nxd2 11. Nxd2 f5 12. e3 g5 13. f4 g4 14. a5 a6 15. Na4 b6 16. axb6 Nxb6 17. c5 Nxa4 18. Rxa4 Qc7 19. Rfa1 Bb7 20. Bf1 Ra7 21. Bxa6 Rfa8 22. Bf1 Ra5 23. b4 Rxa4 24. Rxa4 Qb8 25. Qa2 h5 26. b5 Rxa4 27. Qxa4 Qa8 28. Qxa8+ Bxa8 29. b6 Bb7 30. Nb3 1-0

[Event "Bayern-ch Seniors 21st"]
[Site "Bergen"]
[Date "2009.06.24"]
[Round "5"]
[White "Boldt, Heinrich"]
[Black "Eckstein, Helmut"]
[Result "0-1"]
[WhiteElo "1738"]
[BlackElo "1608"]
[PlyCount "50"]
[EventDate "2009.06.20"]
[EventType "swiss"]
[EventRounds "9"]
[EventCountry "GER"]
[SourceTitle "EXT 2015"]
[Source "ChessBase"]
[SourceDate "2014.11.20"]
[SourceVersion "1"]
[SourceVersionDate "2014.11.20"]
[SourceQuality "1"]

1. d4 Nf6 2. Nf3 g6 3. Bg5 Bg7 4. e3 0-0 5. Be2 d6 6. Nbd2 Nbd7 7. e4 c5 8. c3 h6 9. Bf4 Nh5 10. Be3 cxd4 11. cxd4 e5 12. d5 f5 13. exf5 gxf5 14. Nc4 f4 15. Bd2 e4 16. Nd4 Bxd4 17. Bxh5 Nc5 18. Be2 e3 19. Bc3 exf2+ 20. Kf1 Bxc3 21. bxc3 Bf5 22. Nd2 Qe7 23. Kxf2 Qe3+ 24. Kf1 Nd3 25. Ne4 Bxe4 0-1

[Event "Bayern-ch Seniors 21st"]
[Site "Bergen"]
[Date "2009.06.22"]
[Round "3"]
[White "Aigner, Georg"]
[Black "Eckstein, Helmut"]
[Result "1-0"]
[WhiteElo "1751"]
[BlackElo "1608"]
[PlyCount "43"]
[EventDate "2009.06.20"]
[EventType "swiss"]
[EventRounds "9"]
[EventCountry "GER"]
[SourceTitle "EXT 2015"]
[Source "ChessBase"]
[SourceDate "2014.11.20"]
[SourceVersion "1"]
[SourceVersionDate "2014.11.20"]
[SourceQuality "1"]

1. e4 c5 2. Nf3 d6 3. Bc4 Nc6 4. 0-0 Nf6 5. h3 e6 6. Re1 Be7 7. d4 cxd4 8. Nxd4 0-0 9. Nc3 Nxd4 10. Qxd4 e5 11. Qd3 Bd7 12. Bg5 Bc6 13. Rad1 Ne8 14. Bxe7 Qxe7 15. Nd5 Bxd5 16. Bxd5 Rd8 17. c4 Nf6 18. Rd2 Nxd5 19. Qxd5 Rd7 20. Red1 Rc8 21. c5 Rxc5 22. Qxc5 1-0

[Event "Bayern-ch Seniors 20th"]
[Site "Bergen"]
[Date "2008.06.14"]
[Round "8.23"]
[White "Krafzik, Joachim"]
[Black "Eckstein, Helmut"]
[Result "1-0"]
[WhiteElo "1819"]
[BlackElo "1651"]
[PlyCount "93"]
[EventDate "2008.06.07"]
[EventType "swiss"]
[EventRounds "9"]
[EventCountry "GER"]
[SourceTitle "EXT 2022"]
[Source "ChessBase"]
[SourceDate "2021.10.06"]
[SourceVersion "1"]
[SourceVersionDate "2021.10.06"]
[SourceQuality "1"]

1. f4 e5 2. fxe5 d5 3. d4 c5 4. e3 Nc6 5. Nf3 Nh6 6. c3 Be7 7. Bd3 0-0 8. 0-0 c4 9. Bc2 b5 10. e4 f5 11. exd5 Qxd5 12. Bg5 Nf7 13. Bxe7 Nxe7 14. Qd2 Bb7 15. Nh4 Nh6 16. Bd1 Qe6 17. Bf3 Be4 18. Re1 Bxf3 19. Nxf3 f4 20. Na3 a6 21. Nc2 Nd5 22. Re2 Ng4 23. Qe1 Nge3 24. Nxe3 Nxe3 25. Qb1 Rf5 26. Qe4 Raf8 27. h4 h6 28. Kf2 g5 29. hxg5 hxg5 30. Rh1 g4 31. Nd2 g3+ 32. Ke1 Ng4 33. Qf3 Nh2 34. Qe4 Qh6 35. Kd1 Qg7 36. Qd5+ Qf7 37. Qxf7+ R8xf7 38. Kc2 Ng4 39. Rh4 Ne3+ 40. Kc1 Rg7 41. Rh3 Rh7 42. Rxh7 Kxh7 43. Nf3 Kg7 44. Kd2 Kg6 45. Nh4+ Kg5 46. Nxf5 Nxf5 47. Re4 1-0